<?xml version="1.0" encoding="UTF-8"?>
<marc:record xmlns:marc="http://www.loc.gov/MARC21/slim">
   <marc:leader>00000nam a2200000 a 4500</marc:leader>
   <marc:datafield ind1=" " ind2=" " tag="653">
      <marc:subfield code="a">Astrologie</marc:subfield>
   </marc:datafield>
   <marc:datafield ind1=" " ind2=" " tag="653">
      <marc:subfield code="a">Softcover</marc:subfield>
   </marc:datafield>
   <marc:datafield ind1=" " ind2=" " tag="653">
      <marc:subfield code="a">Karte</marc:subfield>
   </marc:datafield>
   <marc:datafield ind1=" " ind2=" " tag="653">
      <marc:subfield code="a">Jahrbücher</marc:subfield>
   </marc:datafield>
   <marc:datafield ind1="0" ind2="0" tag="245">
      <marc:subfield code="a">Großes Lexikon der Astrologie</marc:subfield>
   </marc:datafield>
   <marc:datafield ind1=" " ind2="1" tag="264">
      <marc:subfield code="a">Bonn</marc:subfield>
      <marc:subfield code="b">Ed. Lempertz</marc:subfield>
   </marc:datafield>
   <marc:datafield ind1="1" ind2=" " tag="520">
      <marc:subfield code="a">Die Astrologie ist eine der ältesten Wissenschaften und fasziniert die Menschen seit jeher. Vor allem aber soll es Spaß machen, sich mit dem Einfluss der Sterne zu beschäftigen und daraus vielleicht einige überraschende Erkenntnisse zu gewinnen. In diesem Lexikon finden Sie Antworten auf alle Ihre Fragen! Wie entstand die Astrologie? Detaillierte Charakterprofile Welcher Partner passt zu mir? Wie steht es um Beruf und Geld? Worauf muss ich bei meiner Gesundheit achten? Welche Zahlen und Farben bringen mir Glück? Wie berechne ich meinen Aszendenten und welchen Einfluss hat er? Was sagt mein Geburtsdatum noch über mich aus?</marc:subfield>
   </marc:datafield>
   <marc:datafield ind1=" " ind2=" " tag="020">
      <marc:subfield code="a">9783933070432</marc:subfield>
      <marc:subfield code="9">9783933070432</marc:subfield>
   </marc:datafield>
   <marc:datafield ind1=" " ind2=" " tag="020">
      <marc:subfield code="a">3933070430</marc:subfield>
      <marc:subfield code="9">3933070430</marc:subfield>
   </marc:datafield>
   <marc:datafield ind1=" " ind2=" " tag="041">
      <marc:subfield code="a">ger</marc:subfield>
   </marc:datafield>
   <marc:datafield ind1=" " ind2=" " tag="300">
      <marc:subfield code="a">640 S.</marc:subfield>
   </marc:datafield>
</marc:record>
